000
00329nam a2200133Ia 4500
005
20251222155108.0
008
251222s9999||||xx |||||||||||||| ||spa||
082
_a
ENC.18.7
100
_a
MANRIQUE Nelson.
245
0
_a
Enciclopedia Temática del Perú - Sociedad
250
_a
1ra. ed.
264
_b
El Comercio
942
_c
LIB
999
_c
37937
_d
37937